Football Players From England - Sudden Death - Statistics

General Stats
  • This quiz has been taken 172 times
  • The average score is 9 of 10
Answers on the Grid
Answers color-coded by a green-red scale on the quiz's grid according to % correct below.
Wayne Rooney
Virgil van Djik
Steven Gerrard
Rodri
Robert Sanchez
Renato Veiga
Phil Foden
Matt Turner
Jude Bellingham
Jack Grealish
Isco
Harry Kane
Federico Valverde
Declan Rice
David Raya
David Beckham
Dani Olmo
Cole Palmer
Chris Wood
Bukayo Saka
 
Answer Stats
Answer % Correct
Steven Gerrard
95%
Wayne Rooney
95%
Phil Foden
92%
Harry Kane
88%
David Beckham
86%
Jack Grealish
86%
Jude Bellingham
86%
Cole Palmer
84%
Declan Rice
84%
Bukayo Saka
77%
No matching quizzes found
Score Distribution
Percent of People with Each Score
Percentile by Number Answered
Your Score History
You have not taken this quiz